• 首页
  • 本馆介绍
  • 公告通知
  • 最新文献
  • 馆藏检索
  • 电子资源
  • 读者导购
  • 参考咨询
  • 我的图书馆
  • 登录
  • 详细信息显示
  • 放入我的书架
  • 预约/预借图书
  • 作者相关作品
  • 分类相关作品
  • 丛书相关作品
  • 出版社相关作品

书目信息

  • 表格格式
  • 工作单格式
  • 卡片格式
题名:
绘画艺术与美术欣赏
    
 
作者: 高顺岭 著
分册:  
出版信息: 长春   吉林美术出版社  2019
页数: 190页
开本: 24cm
丛书名:
单 册:
中图分类: J205.1 , J05
科图分类:
主题词: 绘画--hui hua--鉴赏 , 美术--mei shu--鉴赏
电子资源:
ISBN: 978-7-5575-3277-2
000 00946nam0 2200277 450
001 012001006450
005 20131016155613.0
010    @a978-7-5575-3277-2@dCNY50.00
099    @aCAL 012019030011
100    @a20190308d2019 em y0chiy50 ea
101 0  @achi
102    @aCN@b220000
105    @ay a 000yy
106    @ar
200 1  @a绘画艺术与美术欣赏@Ahui hua yi shu yu mei shu xin shang@f高顺岭著
210    @a长春@c吉林美术出版社@d2019
215    @a190页@d24cm
320    @a有书目 (第187-190页)
330    @a本书阐述的是绘画艺术和美术欣赏的含义, 针对绘画艺术开展系统性分析工作, 并在此基础上提出与各种类型绘画意识相对应的美术欣赏, 并对各种美术欣赏模式开展全面分析, 针对美术欣赏模式开展创新性研究。
606 0  @a绘画@Ahui hua@x鉴赏
606 0  @a美术@Amei shu@x鉴赏
690    @aJ205.1@v5
690    @aJ05@v5
701  0 @a高顺岭@Agao shun ling@4著
801  0 @aCN@b上海新华@c20191020
905    @b1099629-32@dJ205.1@e1042@f4
    
    绘画艺术与美术欣赏/高顺岭著.-长春:吉林美术出版社,2019
    190页;24cm
    
    
    ISBN 978-7-5575-3277-2:CNY50.00
    本书阐述的是绘画艺术和美术欣赏的含义, 针对绘画艺术开展系统性分析工作, 并在此基础上提出与各种类型绘画意识相对应的美术欣赏, 并对各种美术欣赏模式开展全面分析, 针对美术欣赏模式开展创新性研究。
●
相关链接 在E读中查询图书 在五车中查询图书 在当当中查询图书 在豆瓣中查询图书


正题名:绘画艺术与美术欣赏     索取号:J205.1/1042         预约/预借

序号 登录号 条形码 馆藏地/架位号 状态 备注
1 1099629   210996298   第一样本阅览室/ [索取号:J205.1/1042] 在馆    
2 1099630   210996305   第一借阅区/ [索取号:J205.1/1042] 在馆    
3 1099631   210996314   第一借阅区/ [索取号:J205.1/1042] 在馆    
4 1099632   210996323   第一借阅区/ [索取号:J205.1/1042] 在馆    
唐山师范学院图书馆 欢迎您!
大连网信软件有限公司© 版权所有